00339pab a2200121 454500008004000000100002100040245006600061260000900127300001500136362001100151650002100162773003400183180718b2006 xxu||||| |||| 00| 0 eng d aRamanna, Mridula aSystem of medicine: issues and responses in Bombay Presidency c2006 ap.3221-226 a22 Jul aMedical sciences aEconomic and Political Weekly